Vista normal
Vista MARC
Entrada Nombre Personal
Número de registros utilizados en: 1
001 - NUMERO DE CONTROL
- control field: 27261
003 - IDENTIFICADOR DEL NÚMERO DE CONTROL
- control field: AR-RoUNA
005 - FECHA Y HORA DE LA ÚLTIMA TRANSACCIÓN
- control field: 20250623092451.0
008 - ELEMENTOS DE DATOS DE LONGITUD FIJA
- fixed length control field: 250623|| aca||aabn | a|a d
040 ## - FUENTE DE CATALOGACIÓN
- Original cataloging agency: AR-RoUNA
100 ## - ENCABEZADO--NOMBRE PERSONAL
- Nombre personal: Fossati, Pedro
- Fechas asociadas con un nombre: 1827-¿? 1893
670 ## - FUENTE EN LA QUE SE LOCALIZARON DATOS
- Cita fuente: Palacio San José». Argentina.gob.ar. 20 de febrero de 2024. Consultado el 25 de septiembre de 2024.
670 ## - FUENTE EN LA QUE SE LOCALIZARON DATOS
- Cita fuente: «Saladero "Santa Cándida"». Argentina.gob.ar. 20 de febrero de 2024. Consultado el 25 de septiembre de 2024.
670 ## - FUENTE EN LA QUE SE LOCALIZARON DATOS
- Cita fuente: Basílica de la Inmaculada Concepción de María. "3260". 8 de diciembre de 2022. Consultado el 25 de septiembre de 2024.
670 ## - FUENTE EN LA QUE SE LOCALIZARON DATOS
- Cita fuente: Curia Eclesiástica Metropolitana. Buenos Aires, circa 1885. - Hilario. Artes Letras Oficios. www.hilariobooks.com. Consultado el 25 «de septiembre de 2024.